Normal view
MARC view
- Hasnain, Raja
Entry Personal Name
001 - CONTROL NUMBER
- control field: 129363
003 - CONTROL NUMBER IDENTIFIER
- control field: NUST
005 - DATE AND TIME OF LATEST TRANSACTION
- control field: 20250702130148.0
008 - FIXED-LENGTH DATA ELEMENTS
- fixed length control field: 250702|| aca||aabn | a|a d
040 ## - CATALOGING SOURCE
- Original cataloging agency: NUST
- Transcribing agency: NUST
100 ## - HEADING--PERSONAL NAME
- Personal name: Hasnain, Raja
670 ## - SOURCE DATA FOUND
- Source citation: Work cat.: (NUST): Hasnain, Raja, Predictive Analysis of Plastic Road Construction on Urban Air Quality and Waste Management Amid Climate Change/
